Wszystkie stacje obsługiwane przez Koleje Dolnośląskie - Statystyki

Ogólne statystyki
  • Ten quiz został rozwiązany 81 razy
    34 od ostatniego zresetowania
  • Średni wynik to 105 z 413
Statystyki odpowiedzi
Powiat Linia | Line Odpowiedź | Anwser % Poprawnych
Miasto Wrocław Wszystko. (narazie nie dam linii) Wrocław Główny
96%
powiat Kłodzki D96 | D90 | D91 | D93 | D92 | D9 Kłodzko Główne
88%
powiat Kłodzki D96 | D90 | D91 | D93 | D92 | D9 Kłodzko Miasto
84%
Województwo Opolskie D5 Brzeg
80%
Miasto Jelenia Góra D60 | D6 | D62 Jelenia Góra
80%
Miasto Legnica - Legnica
80%
Powiat Karkonoski D62 Mysłakowice Orzeł
76%
Miasto Wałbrzych D96 | D60 | D6 | D67 Wałbrzych Główny
76%
Powiat Lubiński D11 | D12 Lubin
72%
Powiat Oławski D5 Oława
72%
Powiat Średzki D1 | D10 | D11 | D12 | D14 Środa Śląska
72%
Powiat Karkonoski D60 Szklarska Poręba Górna
72%
Miasto Wałbrzych D96 | D60 | D6 | D67 Wałbrzych Miasto
72%
Powiat Głogowski D11 | D12 | D2 | D20 | D23 Głogów
68%
Powiat Świdnicki D4 | D40 | D64 | D91 Świdnica Miasto
68%
Miasto Wrocław D1 | D10 | D11 | D12 | D14 Wrocław Leśnica
68%
Powiat Zgorzelecki D62 | D10 | D18 Zgorzelec
68%
Województwo Lubuskie D18 | D12 | D20 Zielona Góra Główna
68%
Powiat Jaworski D91 Jawor
64%
Miasto Jelenia Góra D60 Jelenia Góra Cieplice
64%
Powiat Karkonoski D62 Karpacz
64%
Powiat Lubański D62 | D1 Lubań Śląski
64%
Powiat Karkonoski D60 Szklarska Poręba Średnia
64%
Powiat Trzebnicki D8 Trzebnica
64%
Powiat Zgorzelecki D1 | D10 | D18 Węgliniec
64%
Powiat Bolesławiecki D1 | D10 Bolesławiec
60%
powiat Kłodzki D9 Bystrzyca Kłodzka
60%
Powiat Dzierżoniowski D91 | D4 | D40 Dzierżoniów Śląski
60%
Powiat Świdnicki D40 | D64 | D91 | D60 | D6 | D67 Jaworzyna Śląska
60%
Powiat Kamiennogórski D66 Kamienna Góra
60%
powiat Kłodzki D96 | D90 Kudowa Zdrój
60%
powiat Kłodzki D9 Międzylesie
60%
Powiat Karkonoski D60 Piechowice
60%
Powiat Karkonoski D60 Szklarska Poręba Dolna
60%
Miasto Wałbrzych D96 | D60 | D6 | D67 Wałbrzych Fabryczny
60%
Miasto Wrocław D1 | D10 | D11 | D12 | D14 | D2 | D20 Wrocław Muchobór
60%
Miasto Wrocław D8 | D80 | D82 | D83 Wrocław Psie Pole
60%
Niemcy D62 | D10 | D18 Gorlitz
56%
Województwo Wielkopolskie D23 Leszno
56%
Powiat Oleśnicki D80 | D82 | D83 | D81 Oleśnica
56%
Miasto Wałbrzych D60 | D6 | D67 Wałbrzych Szczawienko
56%
Miasto Wrocław D8 | D80 | D82 | D83 | D70 | D3 | D30 Wrocław Mikołajów
56%
Miasto Wrocław D8 | D80 | D82 | D83 | D70 Wrocław Nadodrze
56%
Powiat Ząbkowicki D90 | D91 | D93 | D9 Bardo Śląskie
52%
Powiat Lwówecki D62 Gryfów Śląski
52%
Powiat Oławski D7 | D71 | D70 Jelcz Laskowice
52%
Powiat Wrocławski D40 | D64 | D60 | D6 | D67 Kąty Wrocławskie
52%
powiat Kłodzki D96 Nowa Ruda
52%
Województwo Lubuskie D20 | D12 Nowa Sól
52%
powiat Kłodzki D96 | D90 Polanica Zdrój
52%
Województwo Wielkopolskie D3 | D30 | D31 Rawicz
52%
Powiat Strzeliński D9 | D90 Strzelin
52%
Miasto Wrocław D7 | D71 | D5 Wrocław Brochów
52%
Miasto Wrocław D1 | D10 | D11 | D12 | D14 Wrocław Nowy Dwór
52%
Województwo Lubuskie D14 | D18 Żary
52%
Powiat Zgorzelecki D10 | D18 Zgorzelec Miasto
52%
Powiat Legnicki D1 | D10 | D13 | D14 Chojnów
48%
powiat Kłodzki D96 | D90 Duszniki Zdrój
48%
Powiat Karkonoski D60 | D6 Janowice Wielkie
48%
powiat Wałbrzyski D96 | D64 Jedlina Zdrój
48%
Miasto Jelenia Góra D60 | D62 Jelenia Góra Zabobrze
48%
Powiat Ząbkowicki D90 | D91 | D93 | D9 Kamieniec Ząbkowicki
48%
Powiat Milicki D83 Milicz
48%
Powiat Karkonoski D62 Miłków
48%
Powiat Wrocławski D5 Święta Katarzyna
48%
Województwo Zachodniopomorskie Premium Nadmorski Szczecin Dąbie
48%
Powiat Wołowski D2 | D20 Wołów
48%
Powiat Ząbkowicki D91 Ząbkowice Śląskie
48%
Województwo Lubuskie D14 | D18 Żagań
48%
Powiat Dzierżoniowski D4 | D40 Bielawa Zachodnia
44%
powiat Wałbrzyski D60 | D6 Boguszów Gorce
44%
powiat Wałbrzyski D96 | D64 Głuszyca
44%
Powiat Lubiński D11 | D12 Lubin Stadion
44%
Powiat Średzki D1 | D10 | D11 | D12 | D14 Miękinia
44%
Powiat Zgorzelecki D10 | D18 Pieńsk
44%
Powiat Lubiński D11 | D12 | D2 | D20 Rudna Miasto
44%
Powiat Kamiennogórski D60 | D6 | D66 Sędzisław
44%
Powiat Świdnicki D91 Strzegom
44%
Powiat Lwówecki D62 Świeradów Zdrój
44%
Województwo Zachodniopomorskie Premium Nadmorski Świnoujście
44%
Powiat Karkonoski D60 Szklarska Poręba Huta
44%
Miasto Wrocław D40 | D64 | D60 | D6 | D67 Wrocław Grabiszyn
44%
Miasto Wrocław D40 | D64 | D60 | D6 | D67 Wrocław Zachodni
44%
Powiat Trzebnicki D3 | D30 Żmigród
44%
powiat Kłodzki D96 | D90 Lewin Kłodzki
40%
Czechy D9 Lichkov
40%
Powiat Średzki D1 | D10 | D11 | D12 | D14 Malczyce
40%
Województwo Zachodniopomorskie Premium Nadmorski Międzyzdroje
40%
Województwo Opolskie D80 Namysłów
40%
Województwo Opolskie D93 Nysa
40%
Powiat Trzebnicki D3 | D30 Oborniki Śląskie
40%
Powiat Karkonoski D60 Piechowice Dolne
40%
Powiat Karkonoski D60 Polana Jakuszycka
40%
Powiat Lubiński D11 | D12 | D2 | D20 Rudna Gwizdanów
40%
Powiat Lubiński D2 | D20 Ścinawa
40%
powiat Kłodzki D92 Stronie Śląskie
40%
Powiat Bolesławiecki D1 | D10 Tomaszów Bolesławiecki
40%
Województwo Lubuskie D14 Tuplice
40%
Miasto Wałbrzych D96 | D60 | D6 | D67 Wałbrzych Centrum
40%
Powiat Bolesławiecki D1 | D10 Zebrzydowa
40%
Powiat Wrocławski D4 Bielany Wrocławskie
36%
Powiat Wrocławski D80 | D82 | D83 Borowa Oleśnicka
36%
Powiat Wołowski D2 | D20 Brzeg Dolny
36%
Powiat Polkowicki D13 | D14 Chocianów
36%
Niemcy D14 Forst
36%
Powiat Legnicki D1 | D10 | D11 | D12 | D14 Jaśkowice Legnickie
36%
Miasto Jelenia Góra D60 Jelenia Góra Przemysłowa
36%
Miasto Jelenia Góra D60 Jelenia Góra Sobieszów
36%
powiat Kłodzki D92 Lądek Zdrój
36%
Powiat Kamiennogórski D66 Lubawka
36%
Powiat Legnicki D1 | D10 | D13 | D14 Miłkowice
36%
Województwo Opolskie D71 | D5 Opole Główne
36%
Powiat Wrocławski D7 | D71 Siechnice
36%
Powiat Świdnicki D60 | D6 | D67 Świebodzice
36%
Powiat Legnicki D1 | D10 | D11 | D12 | D14 Szczedrzykowice
36%
Miasto Wrocław D8 | D80 | D82 | D83 | D70 Wrocław Sołtysowice
36%
Miasto Wrocław D8 Wrocław Zakrzów
36%
Miasto Wrocław D1 | D10 | D11 | D12 | D14 Wrocław Żerniki
36%
Powiat Wrocławski D7 | D71 Zakrzów Kotowice
36%
Powiat Świdnicki D40 | D64 | D60 | D6 | D67 Żarów
36%
Powiat Ząbkowicki D90 | D91 | D93 | D9 Bardo Przyłęk
32%
Powiat Dzierżoniowski D4 | D40 Bielawa Centralna
32%
powiat Wałbrzyski D60 | D6 | D67 Boguszów Gorce Wschód
32%
powiat Wałbrzyski D60 | D6 Boguszów Gorce Zachód
32%
Powiat Wrocławski D80 | D82 | D83 Długołęka
32%
Miasto Legnica D91 Legnica Piekary
32%
Powiat Karkonoski D62 Łomnica
32%
powiat Kłodzki D96 Ludwikowice Kłodzkie
32%
Powiat Kamiennogórski D60 | D6 Marciszów
32%
Powiat Oleśnicki D81 | D82 | D83 Oleśnica Rataje
32%
Powiat Wrocławski D4 Sobótka
32%
Powiat Wrocławski D9 | D90 Węgry
32%
Miasto Wrocław D3 | D30 Wrocław Popowice
32%
Miasto Wrocław D2 | D20 Wrocław Stadion
32%
Powiat Ząbkowicki D9 | D90 Ziębice
32%
Czechy D67 Adrspach
28%
Powiat Legnicki D13 | D14 Biała Górna
28%
Powiat Bolesławiecki D1 Gierałtów
28%
Powiat Bolesławiecki D1 Gierałtów Wykroty
28%
Powiat Głogowski D20 | D12 Głogów Huta
28%
Powiat Karkonoski D60 Górzyniec
28%
Czechy D60 Harrachov
28%
Powiat Wrocławski D9 | D90 Iwiny
28%
Powiat Oławski D7 | D71 | D70 Jelcz Miłoszyce
28%
Miasto Jelenia Góra D60 Jelenia Góra Zachodnia
28%
powiat Kłodzki D96 | D90 Kłodzko Książek
28%
Wielkopolskie D83 Krotoszyn
28%
Powiat Legnicki D1 | D10 | D11 | D12 | D14 Kunice
28%
Powiat Kłodzki D90 | D91 | D93 | D9 Ławica
28%
Miasto Legnica D91 Legnica Strefa
28%
Powiat Oławski D5 Lizawice
28%
powiat Wałbrzyski D67 Mieroszów
28%
Powiat Wrocławski D40 | D64 | D60 | D6 | D67 Mietków
28%
Powiat Wrocławski D40 | D64 | D60 | D6 | D67 Mokronos Górny
28%
Powiat Średzki D1 | D10 | D11 | D12 | D14 Mrozów
28%
Powiat Karkonoski D62 Mysłakowice
28%
Powiat Legnicki D1 | D10 Okmiany
28%
Powiat Dzierżoniowski D91 Piława Górna
28%
Powiat Lubiński D11 | D12 Raszówka
28%
Powiat Świdnicki D4 Świdnica Przedmieście
28%
powiat Kłodzki D96 | D90 Szczytna
28%
Powiat Karkonoski D60 | D6 Trzcińsko
28%
Miasto Wrocław D3 | D30 Wrocław Osobowice
28%
Miasto Wrocław D2 | D20 Wrocław Pracze
28%
Miasto Wrocław D70 Wrocław Wojnów
28%
Województwo Lubuskie D20 | D12 Zielona Góra Nowy Kisielin
28%
Województwo Lubuskie D20 | D12 Zielona Góra Stary Kisielin
28%
powiat Wałbrzyski D67 Boguszów Gorce Dzikowiec
24%
Województwo Wielkopolskie D30 | D31 Bojanowo
24%
powiat Kłodzki D9 Bystrzyca Kłodzka Przedmieście
24%
Województwo Lubuskie D20 | D12 Bytom Odrzański
24%
powiat Kłodzki D9 Długopole Zdrój
24%
Powiat Wrocławski D70 Dobrzykowice Wrocławskie
24%
Powiat Górowski D31 Góra Śląska
24%
powiat Wałbrzyski D96 Jedlina Zdrój Borowa
24%
Powiat Zgorzelecki D10 | D18 Jędrzychowice
24%
Powiat Legnicki D1 | D10 | D13 | D14 Jezierzany
24%
Województwo Lubuskie D14 Lipinki Łużyckie
24%
Województwo Opolskie D5 Lipki
24%
Powiat Karkonoski D62 Łomnica Dolna
24%
Powiat Oleśnicki D82 Międzybórz Sycowski
24%
powiat Kłodzki D96 Nowa Ruda Przedmieście
24%
Powiat Oławski D5 Oława Zachodnia
24%
Województwo Opolskie D5 Opole Zachodnie
24%
Województwo Opolskie D93 Paczków
24%
Powiat Legnicki D13 | D14 Rokitki
24%
powiat Kłodzki D96 Ścinawka Średnia
24%
Czechy D66 Trutnov hl. n.
24%
Powiat Oleśnicki D82 Twardogóra
24%
Powiat Karkonoski D60 | D6 Wojanów
24%
Miasto Wrocław D2 | D20 Wrocław Kuźniki
24%
Miasto Wrocław D4 Wrocław Partynice
24%
Miasto Wrocław D3 | D30 Wrocław Różanka
24%
Miasto Wrocław D3 | D30 Wrocław Świniary
24%
Miasto Wrocław D8 | D80 | D82 | D83 | D70 Wrocław Szczepin
24%
Powiat Wrocławski D5 Zębice Wrocławskie
24%
Powiat Wrocławski D9 | D90 Żórawina
24%
Powiat Oławski D71 Biskupice Oławskie
20%
Powiat Strzeliński D9 | D90 Boreczek
20%
Powiat Głogowski D20 | D12 Głogów Wróblin
20%
powiat Wałbrzyski D96 Głuszyca Górna
20%
Powiat Oleśnicki D82 | D83 Grabowno Wielkie
20%
Powiat Ząbkowicki D9 | D90 Henryków
20%
Województwo Lubuskie D18 Iłowa Żagańska
20%
Powiat Świdnicki D40 | D64 | D60 | D6 | D67 Imbramowice
20%
Powiat Wrocławski D4 Kobierzyce
20%
powiat Kłodzki D9 | D92 Krosnowice Kłodzkie
20%
powiat Kłodzki D92 Lądek Stójków
20%
Województwo Lubuskie D14 Leszno Górne
20%
Powiat Karkonoski D62 Łomnica Średnia
20%
Czechy D67 Mezimesti
20%
powiat Kłodzki D96 Nowa Ruda Zdrojowisko
20%
Powiat Lubański D62 Olszyna Lubańska
20%
Województwo Wielkopolskie D82 Ostrów Wielkopolski
20%
Województwo Opolskie D93 Otmuchów
20%
Powiat Świdnicki D91 Rogoźnica
20%
Powiat Legnicki D11 | D12 Rzeszotary
20%
Powiat Wrocławski D40 | D64 | D60 | D6 | D67 Sadowice Wrocławskie
20%
Powiat Wrocławski D40 | D64 | D60 | D6 | D67 Smolec
20%
Powiat Karkonoski D62 Stara Kamienica
20%
Powiat Jaworski D91 Stary Jawor
20%
Powiat Zgorzelecki D18 Stary Węgliniec
20%
Powiat Ząbkowicki D90 | D91 | D93 | D9 Suszka
20%
Powiat Świdnicki D40 | D64 | D91 Świdnica Zawiszów
20%
powiat Kłodzki D96 Świerki Dolne
20%
Powiat Oleśnicki D81 Syców
20%
Miasto Wrocław D70 Wrocław Kowale
20%
Miasto Wrocław D70 Wrocław Swojczyce
20%
Miasto Wrocław D70 Wrocław Wojnów Wschodni
20%
Miasto Wrocław D4 Wrocław Wojszyce
20%
Województwo Wielkopolskie D23 Wschowa
20%
Powiat Zgorzelecki D1 | D10 Zagajnik
20%
Powiat Strzeliński D9 | D90 Biały Kościół
16%
Powiat Oleśnicki D80 Bierutów
16%
Powiat Świdnicki D40 | D64 | D91 Bolesławice Świdnickie
16%
Powiat Lubiński D2 | D20 Chełmek Wołowski
16%
Niemcy D10 Dresden Hbf
16%
Powiat Świdnicki D91 Goczałków
16%
Miasto Jelenia Góra D60 Jelenia Góra Orle
16%
powiat Wałbrzyski D64 Jugowice
16%
powiat Kłodzki D96 | D90 Kłodzko Zagórze
16%
Województwo Opolskie D80 Kluczbork
16%
Powiat Głogowski D11 | D12 | D2 | D20 Krzepów
16%
powiat Kłodzki D96 | D90 Kulin Kłodzki
16%
Powiat Wołowski D2 | D20 Łososiowice
16%
Powiat Zgorzelecki D62 Mikułowa
16%
Powiat Wrocławski D80 | D82 | D83 Mirków
16%
Powiat Lwówecki D62 Mirsk
16%
Powiat Dzierżoniowski D91 | D4 | D40 Mościsko Dzierżoniowskie
16%
Województwo Lubuskie D18 Nowogród Bobrzański
16%
Powiat Legnicki D1 | D10 Osetnica
16%
Województwo Wielkopolskie D82 Pawłów Wielkopolski
16%
Powiat Trzebnicki D8 Pierwoszów Młocin
16%
Powiat Średzki D1 | D10 | D11 | D12 | D14 Przedmoście Święte
16%
Powiat Lubiński D11 | D12 Rynarcice
16%
Powiat Wrocławski D8 Siedlec Trzebnicki
16%
Powiat Trzebnicki D3 | D30 Skokowa
16%
Powiat Wrocławski D4 Sobótka Zachodnia
16%
Powiat Ząbkowicki D9 | D90 Starczów
16%
Powiat Bolesławiecki D14 Studzianka
16%
Powiat Trzebnicki D3 | D30 Szewce
16%
powiat Wałbrzyski D67 Unisław Śląski
16%
powiat Wałbrzyski D60 | D6 Witków Śląski
16%
Miasto Wrocław D8 Wrocław Pawłowice
16%
powiat Wałbrzyski D64 Zagórze Śląskie
16%
Powiat Dzierżoniowski D4 | D40 Bielawa Camping Sudety
12%
Powiat Trzebnicki D8 Brochocin Trzebnicki
12%
Powiat Średzki D2 | D20 Brzezinka Średzka
12%
Powiat Lubiński D11 | D12 Chróstnik
12%
Powiat Milicki D83 Cieszków
12%
Powiat Głogowski D20 | D12 Czerna
12%
Powiat Wrocławski D7 | D71 Czernica Wrocławska
12%
powiat Kłodzki D9 Gorzanów
12%
Powiat Lubiński D11 | D12 Gorzelin
12%
powiat Wałbrzyski D64 Jedlina Zdrój Centrum
12%
Powiat Lubiński D11 | D12 Koźlice
12%
Powiat Milicki D83 Krośnice
12%
Powiat Świdnicki D91 | D4 | D40 Krzyżowa
12%
Powiat Zgorzelecki D10 | D18 Lasów
12%
Województwo Opolskie D5 Lewin Brzeski
12%
Województwo Lubuskie D14 Małomice
12%
Powiat Wrocławski D70 Nadolice Małe
12%
Powiat Wrocławski D70 Nadolice Wielkie
12%
powiat Kłodzki D92 Ołdrzychowice Kłodzkie
12%
Powiat Trzebnicki D3 | D30 Osola
12%
Powiat Wrocławski D8 Pasikurowice
12%
Powiat Trzebnicki D3 | D30 Pęgów
12%
Powiat Lwówecki D62 Proszówka
12%
Powiat Świdnicki D4 Pszenno
12%
powiat Kłodzki D92 Radochów
12%
Powiat Lwówecki D62 Rębiszów
12%
Powiat Zgorzelecki D18 Ruszów
12%
Województwo Wielkopolskie D30 Rydzyna
12%
Powiat Świdnicki D91 Stanowice
12%
powiat Kłodzki D96 | D90 Stary Wielisław
12%
Powiat Świdnicki D4 Strzelce Świdnickie
12%
Czechy D67 Teplice nad Metuji
12%
Czechy D67 Teplice nad Metuji mesto
12%
Czechy D67 Teplice nad Metuji skaly
12%
Województwo Wielkopolskie D82 Topola Osiedle
12%
powiat Kłodzki D92 Trzebieszowice
12%
Powiat Lwówecki D62 Ubocze
12%
Powiat Strzeliński D9 | D90 Warkocz
12%
Powiat Bolesławiecki D14 Wierzbowa Śląska
12%
Miasto Wrocław D70 Wrocław Popiele
12%
Miasto Wrocław D70 Wrocław Strachocin
12%
Powiat Lubański D62 Zaręba
12%
Województwo Lubuskie D18 Żary Kunice
12%
Województwo Lubuskie D14 Zasieki
12%
Powiat Milicki D83 Zduny
12%
powiat Kłodzki D92 Żelazno
12%
powiat Kłodzki D96 Bartnica
8%
Powiat Lubański D62 Batowice Lubańskie
8%
Niemcy D10 Bautzen
8%
Powiat Dzierżoniowski D4 | D40 Bielawa Góry Sowie
8%
Województwo Lubuskie D18 Bieniów
8%
powiat Kłodzki D96 Bierkowice
8%
Powiat Kamiennogórski D66 Błażkowa
8%
Powiat Górowski D31 Borszyn Mały
8%
Powiat Górowski D31 Borszyn Wielki
8%
Powiat Głogowski D20 | D12 Brzeg Głogowski
8%
Powiat Świdnicki D64 Bystrzyca Górna
8%
Powiat Wrocławski D70 Chrząstawa Mała
8%
Powiat Kamiennogórski D60 | D6 Ciechanowice
8%
Powiat Oleśnicki D82 | D83 Dobroszyce
8%
Powiat Wrocławski D4 Domasław
8%
powiat Kłodzki D9 Domaszków
8%
Niemcy D10 Dresden-Neustadt
8%
Powiat Trzebnicki D3 | D30 Garbce
8%
Powiat Głogowski D23 Głogówko
8%
powiat Kłodzki D96 Gorzuchów Kłodzki
8%
Powiat Polkowicki D11 | D12 | D2 | D20 Grębocice
8%
Powiat Zgorzelecki D62 Jerzmanki
8%
Województwo Wielkopolskie D30 Kaczkowo
8%
Powiat Trzebnicki D3 | D30 Korzeńsko
8%
Czechy D66 Kralovec
8%
Powiat Lwówecki D62 Kwiecieszowice
8%
Województwo Opolskie D5 Łosiów
8%
Powiat Wołowski D2 | D20 Małowice Wołowskie
8%
Powiat Świdnicki D4 Marcinkowice Świdnickie
8%
Powiat Lwówecki D62 Młyńsko
8%
Powiat Bolesławiecki D14 Modła
8%
Województwo Lubuskie D20 | D12 Niedoradz
8%
Województwo Wielkopolskie D82 Odolanów
8%
Powiat Zgorzelecki D18 Okrąglica
8%
Powiat Lwówecki D62 Orłowice
8%
Województwo Opolskie D93 Otmuchów Jęzioro
8%
Województwo Opolskie D5 Przecza
8%
Powiat Jaworski D91 Przybyłowice
8%
Powiat Wrocławski D8 Ramiszów
8%
Powiat Wrocławski D4 Rogów Sobócki
8%
powiat Kłodzki D9 Roztoki Bystrzyckie
8%
Powiat Karkonoski D62 Rybnica
8%
Województwo Opolskie D80 Smardy
8%
Powiat Wrocławski D9 | D90 Smardzów Wrocławski
8%
Województwo Wielkopolskie D82 Tarchały Wielkie
8%
Powiat Wrocławski D4 Wierzbice
8%
Województwo Opolskie D80 Wilków Namysłowski
8%
Województwo Wielkopolskie D31 Zaborowice
8%
Województwo Lubuskie D18 Buchałów
4%
Powiat Milicki D83 Bukowice Trzebnickie
4%
Powiat Średzki D2 | D20 Czarna Mała
4%
Województwo Opolskie D5 Dąbrowa Niemodlińska
4%
Powiat Ząbkowicki D93 Doboszowice
4%
Województwo Lubuskie D18 Jankowa Żagańska
4%
Województwo Lubuskie D18 Konin Żagański
4%
Powiat Oławski D71 Kopalina
4%
Województwo Lubuskie D18 Koźla Kożuchowska
4%
Powiat Średzki D2 | D20 Księgnice
4%
Województwo Wielkopolskie D23 Lasocice
4%
Województwo Lubuskie D18 Letnica
4%
Niemcy D10 Lobau Sachs
4%
Powiat Oławski D71 Minkowice Oławskie
4%
Powiat Lwówecki D62 Mroczkowice
4%
Województwo Lubuskie D18 Nowogród Osiedle
4%
Powiat Wołowski D2 | D20 Orzeszków
4%
Powiat Wrocławski D4 Pustków Żurawski
4%
Powiat Oleśnicki D80 Solniki Wielkie
4%
Województwo Wielkopolskie D82 Sośnie Ostrowskie
4%
Powiat Oleśnicki D81 Stradomia
4%
Powiat Świdnicki D4 Szczepanów
4%
Czechy D66 Trutnov stred
4%
Powiat Milicki D83 Wierzchowice
4%
Województwo Opolskie D80 Wołczyn
4%
Niemcy D10 Arnsdorf b Dresden
0%
Czechy D66 Bernartice u Trutnova
0%
Niemcy D10 Bichofswerda
0%
Województwo Lubuskie D18 Bogaczów
0%
Powiat Oleśnicki D82 Bukowina Sycowska
0%
Powiat Świdnicki D64 Burkatów
0%
Województwo Opolskie D5 Chróścina Opolska
0%
Powiat Oleśnicki D81 Cieśle
0%
Powiat Oleśnicki D82 | D83 Dąbrowa Oleśnica
0%
Województwo Opolskie D80 Domaszowice
0%
Niemcy D10 Dresden-Klotzsche
0%
Niemcy D10 Dresden Mitte
0%
Województwo Wielkopolskie D82 Garki
0%
Województwo Opolskie D93 Goświnowice
0%
Województwo Wielkopolskie D82 Granowiec
0%
Województwo Opolskie D80 Gręboszów
0%
Powiat Zgorzelecki D18 Jagodzin
0%
Powiat Oleśnicki D81 Jemielna Oleśnicka
0%
Czechy D66 Krenov
0%
Czechy D66 Libec
0%
Powiat Świdnicki D64 Lubachów
0%
Województwo Lubuskie D18 Lubanice
0%
Powiat Oleśnicki D81 Poniatowice
0%
Niemcy D10 Radeberg
0%
Województwo Lubuskie D14 Sieniawa Żarska
0%
Województwo Wielkopolskie D23 Stare Drzewice
0%
Województwo Lubuskie D14 Tuplice Dębinka
0%
Województwo Opolskie D80 Wierzbica Górna
0%
Województwo Opolskie D93 Wójcice
0%
Nie znaleziono quizów pasujących do podanych kryteriów
Rozkład punktacji
Procent ludzi z każdym wynikiem
Percentyl według liczby udzielonych odpowiedzi
Twoja historia wyników
Nie rozwiązałeś tego quizu od ostatniego zresetowania